| 000 | 00000cam 2200000zi 4500 |
| 001 | 9.871911 |
| 003 | CaOODSP |
| 005 | 20260216100509 |
| 006 | m o d f |
| 007 | cr ||||||||||| |
| 008 | 190423t20192019onc o f000 0 eng d |
| 020 | |a9780660306377 |
| 040 | |aCaOODSP|beng|erda|cCaOODSP |
| 043 | |an-cn--- |
| 086 | 1 |aH164-275/2019E-PDF |
| 245 | 00|aNatural health products management of applications policy. |
| 250 | |a[2019 edition]. |
| 264 | 1|a[Ottawa] : |bHealth Canada = Santé Canada, |c2019. |
| 264 | 4|c©2019 |
| 300 | |a1 online resource (43 pages) |
| 336 | |atext|btxt|2rdacontent |
| 337 | |acomputer|bc|2rdamedia |
| 338 | |aonline resource|bcr|2rdacarrier |
| 500 | |aIssued also in French under title: Politique de gestion des demandes d’homologation de produits de santé naturels. |
| 500 | |aCover title. |
| 500 | |a"Date adopted 2019-04-12; effective date 2019-06-01." |
| 650 | 5|aNatural health products|xGovernment policy|zCanada. |
| 650 | 5|aNatural health products|xSafety regulations|zCanada. |
| 710 | 1 |aCanada. |bHealth Canada, |eissuing body. |
| 775 | 08|tPolitique de gestion des demandes d’homologation de produits de santé naturels.|w(CaOODSP)9.871912 |
| 794 | |tNatural health products management of applications policy.|b[2025 edition]|w(CaOODSP)9.957329 |
| 856 | 40|qPDF|s773 KB|uhttps://publications.gc.ca/collections/collection_2019/sc-hc/H164-275-2019-eng.pdf |
| 986 | |aPub.: 190008 |